header

Radical hope (Record no. 59827)

MARC details
000 -LEADER
fixed length control field 01351nam a2200373Ia 4500
082 04 - DEWEY DECIMAL CLASSIFICATION NUMBER
Classification number 70
Classification number 871.01
100 1# - MAIN ENTRY--AUTHOR NAME
Personal name Lear, Jonathan.
245 10 - TITLE STATEMENT
Title Radical hope
260 ## - PUBLICATION, DISTRIBUTION, ETC. (IMPRINT)
Place of publication Cambridge, Mass. ;
-- London :
Name of publisher Harvard University Press,
Year of publication 2006.
300 ## - PHYSICAL DESCRIPTION
Number of Pages 187 p. :
Other physical details ill.
650 #0 - SUBJECT ADDED ENTRY--TOPICAL TERM
Topical Term Crow Indians
Topical Term Ethics.
Topical Term Social change.
Topical Term Social sciences and ethics.
856 40 - ELECTRONIC LOCATION AND ACCESS
Uniform Resource Identifier http://site.ebrary.com/lib/rucke/Doc?id=10318513

No items available.

© 2026 Rongo University
Contact us: librarian | system librarian | Rongo university